000 01996cam a2200373 a 4500
005 20260322212025.0
008 data
010 _a 2002193381
020 _a047141610X (set : hardcover : alk. paper)
020 _a0471416118 (v. 1 : hardcover : alk. paper)
020 _a0471416126 (v. 2 : hardcover : alk. paper)
020 _a0471416134 (v. 3 : hardcover : alk. paper)
020 _a0471416142 (v. 4 : hardcover : alk. paper)
020 _a9780471416104 (set : hardcover : alk. paper)
020 _a9780471416111 (v. 1 : hardcover : alk. paper)
020 _a9780471416128 (v. 2 : hardcover : alk. paper)
020 _a9780471416135 (v. 3 : hardcover : alk. paper)
020 _a9780471416142 (v. 4 : hardcover : alk. paper)
040 _aDLC
_cDLC
_dCtY-M
_dCtY-M
042 _apcc
050 0 0 _aBF176
_b.C654 2003
096 _aWM 145 C654 2003
245 0 0 _aComprehensive handbook of psychological assessment /
_cedited by Michel Hersen.
260 _aHoboken, N.J. :
_bJohn Wiley & Sons,
_c2004.
300 _a4 v. :
_bill. ;
_c29 cm.
504 _aIncludes bibliographical references and index.
505 0 _av. 1. Intellectual and neuropsychological assessment / editors, Gerald Goldstein and Sue R. Beers -- v. 2. Personality assessment / editors, Mark J. Hilsenroth & Daniel L. Segal -- v. 3. Behavioral assessment / editors, Stephen N. Haynes, Elaine M. Heiby -- v. 4. Industrial and organizational assessment / editor, Jay C. Thomas.
590 _aIncludes bibliographical references and indexes.
590 _aLibrary has: volumes 2, 3, 4
590 _av. 1. Intellectual and neuropsychological assessment / editors, Gerald Goldstein, Sue R. Beers -- v. 2. Personality assessment / editors, Mark J. Hilsenroth, Daniel L. Segal -- v. 3. Behavioral assessment / editors, Stephen N. Haynes, Elaine M. Heiby -- v. 4. Industrial and organizational assessment / editor, Jay C. Thomas.
650 0 _aPsychological tests.
700 1 _aHersen, Michel.
001 data
999 _c558
_d558